Wonderful Development of Peter the Great's Pet Projects, according to His Last Will and Testament. American Invention as an Aid to Russia's Grasp on Asiatic Territory.

Saved in:
Bibliographic Details
Main Author: Gannon, W.
Format: Electronic eBook
Language:English
Published: Project Gutenberg, 2013
Series:Project Gutenberg 44345
Online Access:http://www.gutenberg.org/etext/44345
Rights
Tags: Add Tag
No Tags, Be the first to tag this record!
Call Number :

MARC

LEADER 00000cam a22000003a 4500
001 74485
003 MY-KLNDU
005 20241219034305.0
008 210403s2013||||xxu|||||s|||||000 | eng d
035 |a (PGUSA)44345 
039 9 |y 202104030042  |z VLOAD 
040 |a PGUSA  |b eng 
042 |a dc 
100 1 |a Gannon, W. 
245 1 0 |a Wonderful Development of Peter the Great's Pet Projects, according to His Last Will and Testament. American Invention as an Aid to Russia's Grasp on Asiatic Territory.  |h [electronic resource] /  |c by W. Gannon 
260 |b Project Gutenberg,  |c 2013 
500 |a Project Gutenberg 
506 |a Freely available. 
516 |a Electronic text 
599 |a Dummy Record 
830 0 |a Project Gutenberg  |v 44345 
856 4 0 |u http://www.gutenberg.org/etext/44345 
856 4 2 |u http://www.gutenberg.org/license  |3 Rights 
999 |a vtls000086550  |c 74485  |d 74485